000 00431nam a2200169Ia 4500
008 210210b1975 xxu||||| |||| 00| 0 eng d
041 _aeng
082 _a543 BAHA
100 _aBAHL (B S) & SHARMA (A N).
245 _aAdvanced practical chemistry. Ed.9
250 _a
260 _aND
_bS. Chand & Co. Ltd.
_c1975
300 _avi,415
650 _aPractical chemistry
690 _aAnalytical Chemistry
906 _aCC00200
999 _c109462
_d109462